Vista normal Vista MARC

Entrada Personal Name

Número de registros utilizados en: 1

001 - CONTROL NUMBER

  • control field: 8023

003 - CONTROL NUMBER IDENTIFIER

  • control field: OSt

005 - DATE AND TIME OF LATEST TRANSACTION

  • control field: 20200728173559.0

008 - FIXED-LENGTH DATA ELEMENTS

  • fixed length control field: 200728|| aca||aabn | a|a d

040 ## - CATALOGING SOURCE

  • Original cataloging agency: OSt
  • Transcribing agency: OSt

100 ## - HEADING--PERSONAL NAME

  • Personal name: Rivero, Viviana Elena

670 ## - SOURCE DATA FOUND

  • Source citation: Work cat.: (OSt)4484: Rivero, Viviana Elena, autora, Sí / , 2017